[Event "Copa Latina 2015"]
[Site "Vicente Lopez ARG"]
[Date "2015.03.21"]
[Round "4.16"]
[White "Inchausti, Pablo Ezequiel"]
[Black "Gemy, Jose Daniel"]
[Result "0-1"]
[WhiteElo "2136"]
[BlackElo "2406"]
[PlyCount "90"]
[EventDate "2015.03.19"]
[EventType "swiss"]
[EventRounds "9"]
[EventCountry "ARG"]
[Source "lmi"]
[SourceDate "2015.03.19"]

1. e4 e5 2. Nf3 Nc6 3. Bb5 Bc5 4. c3 Nf6 5. d4 exd4 6. cxd4 Bb4+ 7. Bd2 Nxe4 8.
Nc3 Nxd2 9. Qxd2 O-O 10. O-O a6 11. Ba4 b5 12. Bc2 d5 13. a4 Rb8 14. Rfe1 Ne7
15. Ne5 c6 16. axb5 axb5 17. Ra7 Rb7 18. Ra8 Bd6 19. Qd3 g6 20. h4 f6 21. Nf3
Bb8 22. Ne2 Bf5 23. Qc3 b4 24. Qd2 Bh2+ 25. Nxh2 Qxa8 26. h5 Re8 27. Rc1 Bxc2
28. Qxc2 Qc8 29. hxg6 hxg6 30. Nf4 Qf5 31. Qd2 Kf7 32. Nd3 Qh5 33. g4 Qh3 34.
Nf4 Qh4 35. Ng2 Qh7 36. Ne1 Rh8 37. Nef3 g5 38. Qe2 Qh3 39. Qa6 Rd7 40. Rxc6
Nxc6 41. Qxc6 Rhd8 42. Ne5+ fxe5 43. dxe5 Kg8 44. Qe6+ Rf7 45. Nf1 Qf3 0-1

[Event "Copa Latina 2015"]
[Site "Vicente Lopez ARG"]
[Date "2015.03.21"]
[Round "4.17"]
[White "Quintiliano Pinto, Renato R"]
[Black "Godoy Olazabal, Artur"]
[Result "1-0"]
[WhiteElo "2403"]
[BlackElo "2154"]
[PlyCount "25"]
[EventDate "2015.03.19"]
[EventType "swiss"]
[EventRounds "9"]
[EventCountry "ARG"]
[Source "lmi"]
[SourceDate "2015.03.19"]

1. d4 Nf6 2. c4 e6 3. Nf3 c5 4. d5 b5 5. Bg5 Qa5+ 6. Nbd2 bxc4 7. Bxf6 gxf6 8.
e4 c3 9. bxc3 Qxc3 10. Be2 d6 11. O-O e5 12. Nc4 Bd7 13. Rb1 1-0

[Event "Copa Latina 2015"]
[Site "Vicente Lopez ARG"]
[Date "2015.03.21"]
[Round "4.19"]
[White "Di Giannantonio, Nino"]
[Black "Fabrega, Enrique"]
[Result "1/2-1/2"]
[WhiteElo "2358"]
[BlackElo "2146"]
[PlyCount "77"]
[EventDate "2015.03.19"]
[EventType "swiss"]
[EventRounds "9"]
[EventCountry "ARG"]
[Source "lmi"]
[SourceDate "2015.03.19"]

1. e4 e5 2. Nf3 Nf6 3. d3 d6 4. Be2 g6 5. O-O Bg7 6. Nc3 O-O 7. h3 Nh5 8. d4
Nd7 9. dxe5 dxe5 10. Be3 c6 11. a4 Qe7 12. Qd2 f5 13. Bg5 Qe8 14. Bh6 f4 15.
Bc4+ Kh8 16. Bxg7+ Nxg7 17. Rfd1 h6 18. b4 g5 19. Qe2 Nf6 20. Nh2 h5 21. f3 Be6
22. a5 Qe7 23. Bxe6 Nxe6 24. Qc4 Nd4 25. Rd2 Rg8 26. Ne2 Nxe2+ 27. Qxe2 Qxb4
28. a6 Rad8 29. Rad1 Qb6+ 30. Kh1 bxa6 31. Qc4 Rxd2 32. Rxd2 Rd8 33. Nf1 Kg7
34. Qe6 Rxd2 35. Nxd2 Qf2 36. Nc4 Qe1+ 37. Kh2 Qg3+ 38. Kh1 Qe1+ 39. Kh2
1/2-1/2

[Event "Copa Latina 2015"]
[Site "Vicente Lopez ARG"]
[Date "2015.03.21"]
[Round "4.20"]
[White "Perez Gormaz, Matias"]
[Black "Bernal, Gustavo"]
[Result "1-0"]
[WhiteElo "2349"]
[BlackElo "2132"]
[PlyCount "67"]
[EventDate "2015.03.19"]
[EventType "swiss"]
[EventRounds "9"]
[EventCountry "ARG"]
[Source "lmi"]
[SourceDate "2015.03.19"]

1. c4 Nf6 2. d4 c6 3. Nc3 d5 4. cxd5 cxd5 5. Bf4 Nc6 6. e3 e6 7. Bd3 Bd6 8.
Bxd6 Qxd6 9. f4 a6 10. Nf3 Ng4 11. Qe2 f5 12. h3 Nf6 13. Ne5 g6 14. O-O Bd7 15.
Rac1 O-O 16. a3 Rfc8 17. g4 Ne7 18. Rc2 Rc7 19. Rfc1 Rac8 20. Qf2 Ne4 21. Bxe4
dxe4 22. Qh4 Ba4 23. Rg2 Nd5 24. Qe1 Nxc3 25. bxc3 Qxa3 26. c4 Qe7 27. Kh2 Bb3
28. gxf5 exf5 29. Qa5 Rxc4 30. Qd5+ Kg7 31. Rxc4 b5 32. Nxg6 hxg6 33. Qxf5 Bxc4
34. Rxg6+ 1-0

[Event "Copa Latina 2015"]
[Site "Vicente Lopez ARG"]
[Date "2015.03.21"]
[Round "4.22"]
[White "Hernandez Amura, Gilberto"]
[Black "Tokman, Ariel"]
[Result "0-1"]
[WhiteElo "2102"]
[BlackElo "2320"]
[PlyCount "64"]
[EventDate "2015.03.19"]
[EventType "swiss"]
[EventRounds "9"]
[EventCountry "ARG"]
[Source "lmi"]
[SourceDate "2015.03.19"]

1. d4 d5 2. Bg5 Nd7 3. c4 c6 4. cxd5 cxd5 5. Nc3 Ngf6 6. e3 e6 7. Nf3 a6 8. Bd3
Be7 9. O-O b5 10. Ne5 Bb7 11. f4 O-O 12. Rf3 Ne4 13. Bxe7 Qxe7 14. Rh3 g6 15.
Bxe4 dxe4 16. Qg4 f5 17. Qg3 Nxe5 18. fxe5 Rac8 19. Rh4 Rf7 20. Rf4 Rg7 21.
Rff1 Qb4 22. Qf2 Qa5 23. Qd2 Rgc7 24. Rfc1 Bd5 25. a3 Bb3 26. Qe1 Bc4 27. h4
Bd3 28. h5 g5 29. Qf2 h6 30. d5 Qb6 31. d6 Rc5 32. g4 Rxe5 0-1

[Event "Copa Latina 2015"]
[Site "Vicente Lopez ARG"]
[Date "2015.03.21"]
[Round "4.23"]
[White "Montes De Oca, Juan"]
[Black "Perez, Maximiliamo"]
[Result "0-1"]
[WhiteElo "2071"]
[BlackElo "2271"]
[PlyCount "102"]
[EventDate "2015.03.19"]
[EventType "swiss"]
[EventRounds "9"]
[EventCountry "ARG"]
[Source "lmi"]
[SourceDate "2015.03.19"]

1. e4 c5 2. Nf3 d6 3. Bb5+ Nd7 4. O-O a6 5. Bxd7+ Bxd7 6. Re1 e6 7. d4 cxd4 8.
Qxd4 e5 9. Qd3 h6 10. c4 Nf6 11. Nc3 Be7 12. b3 O-O 13. Nd2 Qa5 14. Nf1 Be6 15.
Bd2 Qd8 16. Ne3 Nd7 17. Nf5 Kh7 18. Qf3 Rh8 19. Nd5 Bf8 20. h3 g6 21. Nfe3 Bg7
22. Rad1 a5 23. Bc1 a4 24. b4 Rf8 25. g4 Nb6 26. Nxb6 Qxb6 27. Ba3 Rfc8 28. Rc1
Qa6 29. b5 Qb6 30. Red1 Bf8 31. Nd5 Qd8 32. Qe3 h5 33. g5 Bxd5 34. Rxd5 Be7 35.
h4 Qf8 36. f4 Rd8 37. Rcd1 Rac8 38. fxe5 dxe5 39. Bxe7 Qxe7 40. c5 Rxd5 41.
Rxd5 Qe6 42. Qf3 Rf8 43. a3 f5 44. Rd6 Qc4 45. Rd5 Kg8 46. Qd3 Qc1+ 47. Qf1
Qe3+ 48. Qf2 Qxa3 49. Rd6 Kg7 50. Rf6 Rxf6 51. gxf6+ Kxf6 0-1

[Event "Copa Latina 2015"]
[Site "Vicente Lopez ARG"]
[Date "2015.03.21"]
[Round "4.24"]
[White "Muniz, Rafael"]
[Black "Restuccia, Francisco"]
[Result "1-0"]
[WhiteElo "2268"]
[BlackElo "2079"]
[PlyCount "53"]
[EventDate "2015.03.19"]
[EventType "swiss"]
[EventRounds "9"]
[EventCountry "ARG"]
[Source "lmi"]
[SourceDate "2015.03.19"]

1. e4 c5 2. Nf3 d6 3. d4 cxd4 4. Nxd4 Nf6 5. Nc3 a6 6. Bg5 e6 7. Qe2 Be7 8.
O-O-O h6 9. Be3 Qc7 10. g4 b5 11. a3 Nbd7 12. f4 Rb8 13. g5 hxg5 14. fxg5 Nh5
15. g6 Nc5 16. gxf7+ Kxf7 17. Bh3 Nf6 18. Qg2 b4 19. axb4 Rxb4 20. Rhg1 Rxh3
21. Qxh3 Qa5 22. Kb1 Rb8 23. Rdf1 Nd3 24. cxd3 Qxc3 25. Qh5+ Kg8 26. Rxg7+ Kxg7
27. Rg1+ 1-0

[Event "Copa Latina 2015"]
[Site "Vicente Lopez ARG"]
[Date "2015.03.21"]
[Round "4.25"]
[White "Besso, Guadalupe"]
[Black "Munoz, Francisco Javier"]
[Result "0-1"]
[WhiteElo "2065"]
[BlackElo "2259"]
[PlyCount "94"]
[EventDate "2015.03.19"]
[EventType "swiss"]
[EventRounds "9"]
[EventCountry "ARG"]
[Source "lmi"]
[SourceDate "2015.03.19"]

1. d4 d5 2. c4 c6 3. Nc3 Nf6 4. cxd5 cxd5 5. Bf4 Nc6 6. e3 Bf5 7. Qb3 Na5 8.
Qa4+ Bd7 9. Bb5 e6 10. Bxd7+ Nxd7 11. Nf3 Nc6 12. O-O Be7 13. Qc2 O-O 14. Rac1
Rc8 15. Qe2 Nb6 16. a4 Qd7 17. Ra1 Bb4 18. a5 Nxa5 19. Ne5 Qe7 20. Qb5 Nc6 21.
Nxc6 bxc6 22. Qa6 Ra8 23. Na4 Nc4 24. Rfc1 Rfc8 25. b3 Na5 26. Nc5 Qd8 27. Nd3
c5 28. dxc5 Nc6 29. Ra4 Bd2 30. Rd1 Bc3 31. b4 e5 32. Bg3 e4 33. b5 Ne7 34. Ra3
Bf6 35. Nb4 Bb2 36. Rb3 Bf6 37. Bd6 d4 38. exd4 Nf5 39. Nc6 Qe8 40. Be5 Bg5 41.
Nxa7 Rd8 42. h4 Bxh4 43. b6 e3 44. fxe3 Qxe5 45. dxe5 Rxd1+ 46. Kh2 Bg3+ 47.
Kh3 h5 0-1

[Event "Copa Latina 2015"]
[Site "Vicente Lopez ARG"]
[Date "2015.03.21"]
[Round "4.27"]
[White "Aguero Arce, Matias"]
[Black "Sztokbant, Bernardo Vainzoff"]
[Result "0-1"]
[WhiteElo "2035"]
[BlackElo "2237"]
[PlyCount "82"]
[EventDate "2015.03.19"]
[EventType "swiss"]
[EventRounds "9"]
[EventCountry "ARG"]
[Source "lmi"]
[SourceDate "2015.03.19"]

1. d4 d5 2. c4 e6 3. Nf3 Nf6 4. e3 Be7 5. Bd3 O-O 6. O-O b6 7. b3 Nbd7 8. Nbd2
Bb7 9. Bb2 c5 10. Rc1 Ne4 11. cxd5 exd5 12. Qe2 Ndf6 13. Rfd1 Nxd2 14. Nxd2 Rc8
15. h3 Re8 16. Bb5 Rf8 17. Nf3 c4 18. bxc4 a6 19. Ba4 dxc4 20. Bc2 Qd5 21. Bc3
b5 22. Rb1 Ne4 23. Bxe4 Qxe4 24. Ne1 f5 25. f3 Qe6 26. a4 Qd5 27. axb5 axb5 28.
e4 fxe4 29. fxe4 Qxe4 30. Qxe4 Bxe4 31. Rxb5 Bd6 32. Rb2 Bg3 33. Re2 Rce8 34.
Nc2 Bg6 35. Rxe8 Rxe8 36. Ne1 Re3 37. Bd2 Re2 38. Nf3 Be4 39. Bb4 Rb2 40. Be1
Bd6 41. Rc1 Bf4 0-1

[Event "Copa Latina 2015"]
[Site "Vicente Lopez ARG"]
[Date "2015.03.21"]
[Round "4.28"]
[White "Aguilar, Andres"]
[Black "Amato, Leonel"]
[Result "1/2-1/2"]
[WhiteElo "2236"]
[BlackElo "2064"]
[PlyCount "70"]
[EventDate "2015.03.19"]
[EventType "swiss"]
[EventRounds "9"]
[EventCountry "ARG"]
[Source "lmi"]
[SourceDate "2015.03.19"]

1. c4 f5 2. Nc3 Nf6 3. g3 e6 4. Bg2 d5 5. d3 c6 6. b3 Bd6 7. Nf3 O-O 8. O-O
Nbd7 9. e4 Bb4 10. Bb2 Bxc3 11. Bxc3 fxe4 12. Ng5 Qe7 13. dxe4 h6 14. Nh3 dxe4
15. Nf4 Qf7 16. Qd6 Re8 17. Bxf6 Nxf6 18. Qe5 Ng4 19. Qh5 Qxh5 20. Nxh5 e3 21.
f3 Nf6 22. Nxf6+ gxf6 23. Rfe1 e5 24. Rad1 Bf5 25. g4 Bg6 26. Rxe3 Red8 27.
Ree1 Bc2 28. Rxd8+ Rxd8 29. Kf2 Rd2+ 30. Re2 Rxe2+ 31. Kxe2 Bb1 32. Kd2 Kf7 33.
a3 Ke6 34. Kc1 Bg6 35. Kd2 Bb1 1/2-1/2

[Event "Copa Latina 2015"]
[Site "Vicente Lopez ARG"]
[Date "2015.03.21"]
[Round "4.29"]
[White "Zimmermann, Kleber Renato P"]
[Black "Penafiel, Horacio"]
[Result "1/2-1/2"]
[WhiteElo "1946"]
[BlackElo "2233"]
[PlyCount "145"]
[EventDate "2015.03.19"]
[EventType "swiss"]
[EventRounds "9"]
[EventCountry "ARG"]
[Source "lmi"]
[SourceDate "2015.03.19"]

1. d4 Nf6 2. c4 e6 3. Nf3 b6 4. g3 Bb4+ 5. Bd2 Be7 6. Nc3 Bb7 7. Bg2 O-O 8. O-O
c6 9. e4 d5 10. cxd5 cxd5 11. e5 Ne4 12. Re1 Nxd2 13. Qxd2 Qd7 14. h4 Nc6 15.
Bf1 Na5 16. Bd3 Nc4 17. Qe2 Rfc8 18. Rac1 b5 19. b3 b4 20. Nd1 Na3 21. Rxc8+
Rxc8 22. Ng5 g6 23. Ne3 Qd8 24. Nh3 Rc3 25. h5 Qb6 26. hxg6 hxg6 27. Bxg6 Qxd4
28. Qh5 fxg6 29. Qxg6+ Kf8 30. Nf4 Bc8 31. Qh5 Qe4 32. Qh8+ Kf7 33. Qh5+ Kg7
34. Qg4+ Kf8 35. Qh5 d4 36. Neg2 Qf5 37. Ng6+ Ke8 38. Qh8+ Kd7 39. Qg7 Qg5 40.
Qf7 Rc1 41. Rxc1 Qxc1+ 42. Kh2 Qc5 43. N2f4 Kd8 44. Qg8+ Kc7 45. Nxe6+ Bxe6 46.
Qxe6 Bd8 47. Nf4 Nb5 48. Nd5+ Kb7 49. Qd7+ Bc7 50. e6 Qc6 51. Qxc6+ Kxc6 52.
Nxb4+ Kd6 53. a4 Nc3 54. e7 Kxe7 55. Nc6+ Kd6 56. Nxd4 Bb6 57. Nc2 Bxf2 58. Kg2
Bb6 59. Kf3 Ke5 60. g4 Ne4 61. b4 Ng5+ 62. Ke2 Kd5 63. Kd3 Ne4 64. Ne3+ Bxe3
65. Kxe3 Nc3 66. g5 Kc4 67. b5 Nxa4 68. g6 Nc3 69. g7 Nd5+ 70. Ke4 Ne7 71. Ke5
Kxb5 72. Ke6 Ng8 73. Kf7 1/2-1/2

[Event "Copa Latina 2015"]
[Site "Vicente Lopez ARG"]
[Date "2015.03.21"]
[Round "4.33"]
[White "Sanchez Sandoval, Gonzalo"]
[Black "Nieva, Jose Luis"]
[Result "1-0"]
[WhiteElo "2193"]
[BlackElo "1998"]
[PlyCount "95"]
[EventDate "2015.03.19"]
[EventType "swiss"]
[EventRounds "9"]
[EventCountry "ARG"]
[Source "lmi"]
[SourceDate "2015.03.19"]

1. e4 c5 2. Nf3 d6 3. Bb5+ Nd7 4. c3 Ngf6 5. Qc2 Qc7 6. O-O a6 7. Ba4 e5 8. Bb3
Be7 9. d3 O-O 10. Nh4 Nb6 11. a4 Bg4 12. f3 Be6 13. a5 c4 14. Qf2 Nbd7 15. Bxc4
Bxc4 16. dxc4 Nc5 17. Nf5 Nd3 18. Qe3 Nxc1 19. Rxc1 Rfc8 20. Qg5 Bf8 21. Nd2
Kh8 22. b4 h6 23. Qe3 Kh7 24. Qf2 g6 25. Ne3 Be7 26. Rf1 b6 27. f4 Rf8 28. axb6
Qxb6 29. fxe5 dxe5 30. c5 Qb7 31. Qf3 Rad8 32. Ndc4 Rd3 33. Qg3 Qxe4 34. Rxa6
Nd5 35. Qf3 Qxf3 36. Rxf3 e4 37. Nxd5 Bxc5+ 38. bxc5 exf3 39. Nce3 h5 40. gxf3
Kh6 41. c6 f5 42. c7 f4 43. Nf5+ Kg5 44. Nfe7 Rxf3 45. Rxg6+ Kh4 46. c8=Q Rxc8
47. Nf5+ Kh3 48. Nxf4+ 1-0

[Event "Copa Latina 2015"]
[Site "Vicente Lopez ARG"]
[Date "2015.03.21"]
[Round "4.35"]
[White "Avila, Lucas"]
[Black "Palu, Andres"]
[Result "1-0"]
[WhiteElo "2205"]
[BlackElo "1995"]
[PlyCount "53"]
[EventDate "2015.03.19"]
[EventType "swiss"]
[EventRounds "9"]
[EventCountry "ARG"]
[Source "lmi"]
[SourceDate "2015.03.19"]

1. e4 c5 2. Nf3 g6 3. d4 cxd4 4. Nxd4 Bg7 5. Be3 Nc6 6. Nc3 Nf6 7. Bc4 d6 8. f3
Bd7 9. Qd2 a5 10. O-O O-O 11. a4 Rc8 12. Bb3 Ne5 13. Nd5 Nxd5 14. exd5 Nc4 15.
Bxc4 Rxc4 16. b3 Rc8 17. c4 Ra8 18. Rad1 Ra6 19. Rfe1 Re8 20. Bg5 f6 21. Bf4
Kf7 22. Re2 Ra8 23. Rde1 Ra6 24. Bh6 Bxh6 25. Qxh6 Kg8 26. Re4 g5 27. h4 1-0

[Event "Copa Latina 2015"]
[Site "Vicente Lopez ARG"]
[Date "2015.03.21"]
[Round "4.37"]
[White "Fernandez, Maria Florencia"]
[Black "Alvarez, Alberto Elias"]
[Result "1-0"]
[WhiteElo "2187"]
[BlackElo "1967"]
[PlyCount "83"]
[EventDate "2015.03.19"]
[EventType "swiss"]
[EventRounds "9"]
[EventCountry "ARG"]
[Source "lmi"]
[SourceDate "2015.03.19"]

1. d4 g6 2. e4 Bg7 3. c4 c5 4. d5 d6 5. Bd3 Na6 6. Nc3 Nc7 7. f4 a6 8. Nf3 Rb8
9. O-O b5 10. e5 Nh6 11. exd6 exd6 12. Re1+ Kf8 13. Qe2 Bf5 14. a4 Bxd3 15.
Qxd3 bxc4 16. Qxc4 Nf5 17. Qd3 h6 18. Rb1 Kg8 19. Ne2 Kh7 20. g4 Ne7 21. h4
Nexd5 22. h5 Nb4 23. Qc4 Qd7 24. f5 gxh5 25. Ng3 hxg4 26. Qxg4 Nbd5 27. Qh4 Rb4
28. Re4 Rxe4 29. Ng5+ Kg8 30. N5xe4 Bd4+ 31. Kh1 Qe7 32. Qg4+ Kf8 33. Bd2 h5
34. Qf3 h4 35. Ne2 Be5 36. b3 Nf6 37. Bg5 d5 38. Nf2 Qd6 39. Nd3 Ne4 40. Nxe5
Qxe5 41. Bf4 Qxf5 42. Bh6+ 1-0

[Event "Copa Latina 2015"]
[Site "Vicente Lopez ARG"]
[Date "2015.03.21"]
[Round "4.38"]
[White "Arias, Juan Cruz"]
[Black "Vazquez, Maximiliano"]
[Result "1-0"]
[WhiteElo "2006"]
[BlackElo "2153"]
[PlyCount "53"]
[EventDate "2015.03.19"]
[EventType "swiss"]
[EventRounds "9"]
[EventCountry "ARG"]
[Source "lmi"]
[SourceDate "2015.03.19"]

1. e4 c5 2. Nc3 Nc6 3. g3 g6 4. Bg2 Bg7 5. d3 d6 6. f4 e6 7. Nf3 Nge7 8. O-O
O-O 9. Be3 Nd4 10. Rb1 Qd7 11. Ne2 Nxf3+ 12. Bxf3 b6 13. d4 Rd8 14. c3 Bb7 15.
d5 exd5 16. exd5 Re8 17. Bf2 Ba6 18. Re1 h5 19. Qd2 Nf5 20. Rbd1 Bf6 21. Nc1
Reb8 22. Qc2 b5 23. Nb3 b4 24. Na5 bxc3 25. bxc3 Qb5 26. Nc6 Qb2 27. Re8+ 1-0

[Event "Copa Latina 2015"]
[Site "Vicente Lopez ARG"]
[Date "2015.03.21"]
[Round "4.39"]
[White "Castro, Lennin David"]
[Black "Arias, Juan Carlos"]
[Result "0-1"]
[WhiteElo "1958"]
[BlackElo "2130"]
[PlyCount "114"]
[EventDate "2015.03.19"]
[EventType "swiss"]
[EventRounds "9"]
[EventCountry "ARG"]
[Source "lmi"]
[SourceDate "2015.03.19"]

1. e4 c5 2. Nf3 g6 3. g3 Bg7 4. Bg2 Nc6 5. c3 e5 6. d3 Nge7 7. Be3 d6 8. Na3
O-O 9. O-O b6 10. Nc2 d5 11. Qc1 d4 12. cxd4 cxd4 13. Bh6 f6 14. Bd2 Be6 15.
Qd1 Qd7 16. Qe2 Nc8 17. Nb4 Nxb4 18. Bxb4 Nd6 19. Rfc1 Bh6 20. Bd2 Bxd2 21.
Qxd2 Rac8 22. Rxc8 Rxc8 23. h4 Qc6 24. Ne1 Kg7 25. f4 Nf7 26. Bf3 h5 27. Bd1 a5
28. g4 exf4 29. Qxf4 g5 30. Qf2 Qc5 31. Nf3 Rd8 32. hxg5 Nxg5 33. Nxg5 Qxg5 34.
Kh2 Qe5+ 35. Qg3 Rc8 36. Qxe5 fxe5 37. Kg3 Kg6 38. Ba4 Kg5 39. Bd1 Rc5 40. a3
Rc7 41. Rb1 b5 42. Ra1 a4 43. Rb1 Rc8 44. Ra1 Bd7 45. Rb1 Be8 46. Ra1 Bd7 47.
Rb1 Be8 48. Ra1 Bf7 49. Rb1 Rc5 50. Ra1 Be6 51. Rb1 Bc8 52. Ra1 Ba6 53. Rb1 Rc7
54. Kf3 b4 55. Ke2 b3 56. Kf3 Bxd3 57. Ra1 Rc6 0-1

[Event "Copa Latina 2015"]
[Site "Vicente Lopez ARG"]
[Date "2015.03.21"]
[Round "4.40"]
[White "Wainer, Daniel"]
[Black "Paolini, Claudio"]
[Result "0-1"]
[WhiteElo "2117"]
[BlackElo "1935"]
[PlyCount "80"]
[EventDate "2015.03.19"]
[EventType "swiss"]
[EventRounds "9"]
[EventCountry "ARG"]
[Source "lmi"]
[SourceDate "2015.03.19"]

1. e4 e5 2. Nc3 Be7 3. Nf3 d6 4. d4 Nd7 5. Be2 Ngf6 6. h3 c6 7. Be3 b5 8. d5 b4
9. dxc6 bxc3 10. cxd7+ Bxd7 11. bxc3 Nxe4 12. Bc4 Nf6 13. O-O O-O 14. Rb1 Qc7
15. Qe2 Rfc8 16. Ba6 Rcb8 17. c4 Rxb1 18. Rxb1 Rb8 19. Rxb8+ Qxb8 20. Bb5 Bc8
21. a4 a6 22. Bc6 Qc7 23. Bd5 Bd7 24. Ng5 Nxd5 25. cxd5 h6 26. Nf3 Bxa4 27.
Qxa6 Qxc2 28. Nd2 Bf8 29. Nc4 Qb1+ 30. Kh2 Qb5 31. Qc8 Qxd5 32. Nb6 Qe4 33. Qd8
Bc6 34. Kg3 Qxg2+ 35. Kh4 g5+ 36. Bxg5 Qxf2+ 37. Kg4 Bf3+ 38. Kf5 Bh5+ 39. Ke4
Qd4+ 40. Kf5 Bg6+ 0-1

[Event "Copa Latina 2015"]
[Site "Vicente Lopez ARG"]
[Date "2015.03.21"]
[Round "4.44"]
[White "Moreno, Carlos"]
[Black "Romanelli, Gabriel"]
[Result "1-0"]
[WhiteElo "1879"]
[BlackElo "2090"]
[PlyCount "45"]
[EventDate "2015.03.19"]
[EventType "swiss"]
[EventRounds "9"]
[EventCountry "ARG"]
[Source "lmi"]
[SourceDate "2015.03.19"]

1. d4 d5 2. Nf3 e6 3. e3 Nf6 4. Bd3 Be7 5. O-O O-O 6. Nbd2 c5 7. b3 Nc6 8. a3
b6 9. Bb2 Bb7 10. Ne5 Nxe5 11. dxe5 Nd7 12. Qg4 Qc7 13. f4 c4 14. bxc4 Nc5 15.
f5 Nxd3 16. f6 g6 17. cxd3 Bc5 18. d4 dxc4 19. dxc5 b5 20. Qg5 Kh8 21. Qh6 Rg8
22. Nf3 Bxf3 23. Rxf3 1-0

[Event "Copa Latina 2015"]
[Site "Vicente Lopez ARG"]
[Date "2015.03.21"]
[Round "4.45"]
[White "Ueti, Silvio Shigueo"]
[Black "Giuliani, German"]
[Result "1-0"]
[WhiteElo "2087"]
[BlackElo "1805"]
[PlyCount "83"]
[EventDate "2015.03.19"]
[EventType "swiss"]
[EventRounds "9"]
[EventCountry "ARG"]
[Source "lmi"]
[SourceDate "2015.03.19"]

1. c4 g5 2. d4 h6 3. Nc3 Bg7 4. e4 c5 5. Nge2 b6 6. d5 d6 7. Be3 Nf6 8. f3 Nbd7
9. Qd2 Ne5 10. Ng3 Bd7 11. h4 gxh4 12. Rxh4 Ng6 13. Rh1 h5 14. Nge2 Ne5 15. Nf4
Qc7 16. Be2 O-O-O 17. Rb1 Rdg8 18. b4 Bh6 19. Bf1 Rg3 20. Kd1 Rgg8 21. bxc5
dxc5 22. a4 Kb7 23. a5 Rb8 24. Nb5 Bxb5 25. Rxb5 Ka8 26. axb6 axb6 27. Bd3 Rb7
28. Ke2 Ra7 29. Rhb1 Ra6 30. Ne6 fxe6 31. Bxh6 Rg8 32. Ke3 Rg3 33. Kf2 Rg6 34.
Be3 Nxd3+ 35. Qxd3 Qg3+ 36. Ke2 Qxg2+ 37. Bf2 Ka7 38. dxe6 Qh3 39. Rxb6 Ra2+
40. R1b2 Rxb2+ 41. Rxb2 Qxe6 42. Qa3+ 1-0

[Event "Copa Latina 2015"]
[Site "Vicente Lopez ARG"]
[Date "2015.03.21"]
[Round "4.46"]
[White "Anelli, Antonio"]
[Black "Abate, Tomas"]
[Result "1-0"]
[WhiteElo "2060"]
[BlackElo "1720"]
[PlyCount "83"]
[EventDate "2015.03.19"]
[EventType "swiss"]
[EventRounds "9"]
[EventCountry "ARG"]
[Source "lmi"]
[SourceDate "2015.03.19"]

1. Nf3 Nf6 2. g3 g6 3. Bg2 Bg7 4. c4 O-O 5. d4 c5 6. O-O cxd4 7. Nxd4 Nc6 8.
Nc3 a6 9. e3 Qc7 10. b3 d6 11. Bb2 Bg4 12. Qd2 Nxd4 13. Qxd4 Qd7 14. Nd5 Rab8
15. Rac1 Bh3 16. Nxe7+ Kh8 17. Nd5 Nh5 18. Qd2 Bxg2 19. Kxg2 Qc6 20. Kg1 Be5
21. f4 Bxb2 22. Qxb2+ Ng7 23. Qd4 Qc5 24. Rcd1 Qxd4 25. Rxd4 Nf5 26. Rd3 Rfe8
27. Kf2 Nh6 28. Kf3 f5 29. h3 Rf8 30. Nc3 Nf7 31. Kg2 Rfe8 32. Re1 Re6 33. Kf2
Rbe8 34. e4 b5 35. cxb5 axb5 36. Rde3 Ra8 37. exf5 Rxe3 38. Rxe3 gxf5 39. Re2
b4 40. Nd5 Rb8 41. Rd2 Nd8 42. Ne7 1-0

[Event "Copa Latina 2015"]
[Site "Vicente Lopez ARG"]
[Date "2015.03.21"]
[Round "4.51"]
[White "Moncayo Silva, Pablo"]
[Black "Leon, Juan Carlos"]
[Result "0-1"]
[WhiteElo "1912"]
[BlackElo "2265"]
[PlyCount "42"]
[EventDate "2015.03.19"]
[EventType "swiss"]
[EventRounds "9"]
[EventCountry "ARG"]
[Source "lmi"]
[SourceDate "2015.03.19"]

1. d4 Nf6 2. Nf3 d5 3. g3 c6 4. Bg2 Bf5 5. O-O h6 6. Nbd2 Nbd7 7. c4 e6 8. Re1
Be7 9. Qb3 Qc8 10. cxd5 cxd5 11. Ne5 Nxe5 12. dxe5 Bc2 13. Qb5+ Nd7 14. e4 a6
15. Qe2 d4 16. Qg4 g5 17. Nf3 h5 18. Qxg5 Bxg5 19. Bxg5 d3 20. Rac1 Qc5 21. Be3
Qa5 0-1

[Event "Copa Latina 2015"]
[Site "Vicente Lopez ARG"]
[Date "2015.03.21"]
[Round "4.52"]
[White "Da Silva, Joao Carlos Orguim"]
[Black "Souza, Rafael Cabral De"]
[Result "0-1"]
[WhiteElo "1895"]
[BlackElo "2194"]
[PlyCount "106"]
[EventDate "2015.03.19"]
[EventType "swiss"]
[EventRounds "9"]
[EventCountry "ARG"]
[Source "lmi"]
[SourceDate "2015.03.19"]

1. Nf3 Nf6 2. g3 c5 3. c4 Nc6 4. Bg2 g6 5. b3 Bg7 6. Bb2 O-O 7. O-O d6 8. d3 a6
9. Nbd2 Rb8 10. Ne1 Bd7 11. Nc2 Qc8 12. e3 Bh3 13. f4 Bxg2 14. Kxg2 Ng4 15.
Bxg7 Kxg7 16. h3 Nf6 17. e4 b5 18. Qf3 a5 19. cxb5 Rxb5 20. Nc4 Qd7 21. Rad1
Nb4 22. Nxb4 axb4 23. d4 cxd4 24. Rxd4 Qa7 25. Rd2 Qb7 26. Re1 d5 27. exd5 Nxd5
28. Rde2 Rd8 29. Rd2 Rd7 30. Red1 e6 31. Kh2 Qa7 32. Qf2 Nc3 33. Qxa7 Rxa7 34.
Ra1 Rb8 35. Ne5 Rba8 36. Nc6 Rxa2 37. Raxa2 Rxa2 38. Rxa2 Nxa2 39. Kg2 Kf8 40.
Kf3 Nc1 41. Na5 Ke7 42. Ke3 Kd6 43. Kd2 Na2 44. Kd3 Kd5 45. Nc4 Nc1+ 46. Kc2
Ne2 47. Ne3+ Ke4 48. Nf1 Nd4+ 49. Kb2 Kf3 50. g4 Kxf4 51. Nd2 e5 52. Kc1 Kg3
53. Ne4+ Kxh3 0-1

[Event "Copa Latina 2015"]
[Site "Vicente Lopez ARG"]
[Date "2015.03.21"]
[Round "4.53"]
[White "Colque, Jonathan"]
[Black "Fiori, Hector"]
[Result "0-1"]
[WhiteElo "1819"]
[BlackElo "2136"]
[PlyCount "94"]
[EventDate "2015.03.19"]
[EventType "swiss"]
[EventRounds "9"]
[EventCountry "ARG"]
[Source "lmi"]
[SourceDate "2015.03.19"]

1. d4 Nf6 2. c4 e6 3. Nc3 c5 4. d5 exd5 5. cxd5 Bd6 6. Bg5 Be5 7. Nf3 Bxc3+ 8.
bxc3 d6 9. e3 O-O 10. Be2 Nbd7 11. O-O Re8 12. Nd2 Ne5 13. Ne4 Ng6 14. Nxf6+
gxf6 15. Bh6 f5 16. Qd2 Qh4 17. Bf4 Nxf4 18. exf4 Bd7 19. Bd3 b5 20. g3 Qf6 21.
c4 bxc4 22. Bxc4 Re4 23. Rac1 Rb8 24. Qa5 Qd8 25. Qc3 Rb4 26. Bb3 Qf8 27. Rfe1
Qg7 28. Qd2 Qd4 29. Qxd4 Rbxd4 30. Rxe4 fxe4 31. Rc4 Kf8 32. Rxd4 cxd4 33. Kf1
Bg4 34. Ke1 Ke7 35. Bc4 Kd7 36. Bf1 Kc7 37. h3 Bf3 38. g4 Kb6 39. Bc4 Kc5 40.
Bb3 Kb4 41. g5 Kc3 42. Bd1 Bxd1 43. Kxd1 Kc4 44. h4 Kxd5 45. h5 Ke6 46. g6 fxg6
47. hxg6 hxg6 0-1

[Event "Copa Latina 2015"]
[Site "Vicente Lopez ARG"]
[Date "2015.03.21"]
[Round "4.56"]
[White "Nejanky, Maisa"]
[Black "Lallana, Daniel"]
[Result "1-0"]
[WhiteElo "2062"]
[BlackElo "1901"]
[PlyCount "69"]
[EventDate "2015.03.19"]
[EventType "swiss"]
[EventRounds "9"]
[EventCountry "ARG"]
[Source "lmi"]
[SourceDate "2015.03.19"]

1. e4 e5 2. Nf3 Nc6 3. d4 exd4 4. Nxd4 Ne5 5. Nc3 Nf6 6. f4 Nc6 7. Nxc6 bxc6 8.
e5 Ng8 9. Be3 Bb4 10. Qg4 g6 11. Qf3 Ne7 12. a3 Bxc3+ 13. bxc3 Nf5 14. Bc5 a5
15. Rd1 Ba6 16. c4 Ng7 17. a4 Rb8 18. Bd3 Qh4+ 19. g3 Qh5 20. g4 Qh4+ 21. Bf2
Qe7 22. O-O Rb4 23. f5 gxf5 24. gxf5 Qg5+ 25. Bg3 Qh5 26. Qe4 Bb7 27. Rb1 c5
28. Rxb4 Bxe4 29. Rb8+ Ke7 30. f6+ Ke6 31. Bxe4 d5 32. cxd5+ Kd7 33. Rxh8 Qh6
34. fxg7 Qxg7 35. Rxh7 1-0